Texas wildlife coloring book /

Bibliographic Details
Main Author: Dodge, Chris Carter, 1955-
Other Authors: Carter, John
Format: Book
Language:English
Published: Austin, Tex. : Eakin Press, [1984]
Edition:1st ed.
Subjects:

MARC

Tag First Indicator Second Indicator Subfields
LEADER 00000cam a22000005 4500
001 in00001328811
005 20151005072900.0
008 850403s1984 txua j 000 0 eng d
019 |a 11838782 
020 |z 089015483x 
035 |a (OCoLC)11881557 
035 |9 AHC7185AM 
040 |a TVP  |c TVP  |d OCL  |d IXA  |d UtOrBLW 
049 |a TXAM 
090 |a QL207  |b .D63 1984 
092 |a 743.6  |b DOD 
100 1 |a Dodge, Chris Carter,  |d 1955- 
245 1 0 |a Texas wildlife coloring book /  |c John Carter [ill.] & Chris Dodge. 
250 |a 1st ed. 
264 1 |a Austin, Tex. :  |b Eakin Press,  |c [1984] 
264 4 |c ©1984 
300 |a 1 volume :  |b illustrations ;  |c 28 cm. 
336 |a text  |b txt  |2 rdacontent 
337 |a unmediated  |b n  |2 rdamedia 
338 |a volume  |b nc  |2 rdacarrier 
650 0 |a Zoology  |z Texas  |x Juvenile literature. 
650 0 |a Animals  |z Texas  |x Juvenile literature. 
650 0 |a Animals in art. 
650 0 |a Drawing. 
700 1 |a Carter, John. 
999 |a MARS 
999 f f |s a01f011a-fa26-3918-9468-1efa1eaf408d  |i bfc1ab3d-099b-37bf-9888-9851dbb86e5c  |t 0 
952 f f |p ric  |a Texas A&M University  |b Rellis Campus  |c Joint Library Facility  |d Remote Storage  |t 0  |e QL207 .D63 1984  |h Library of Congress classification  |i unmediated -- volume  |m A14821462840 
998 f f |a QL207 .D63 1984  |t 0  |l Remote Storage